Fundamentals of fixed prosthodontics / (Record no. 36759)
[ view plain ]
| 000 -LEADER | |
|---|---|
| fixed length control field | 00642nam a22002057a 4500 |
| 005 - DATE AND TIME OF LATEST TRANSACTION | |
| control field | 20241106111518.0 |
| 008 - FIXED-LENGTH DATA ELEMENTS--GENERAL INFORMATION | |
| fixed length control field | 241106b |||||||| |||| 00| 0 eng d |
| 020 ## - INTERNATIONAL STANDARD BOOK NUMBER | |
| ISBN | 978-0867154757 |
| 082 ## - DEWEY DECIMAL CLASSIFICATION NUMBER | |
| Classification number | 617.69 |
| Item number | SHI-F |
| 100 ## - MAIN ENTRY--AUTHOR | |
| Author Name | Shillingburg, Herbert. T |
| 245 ## - TITLE STATEMENT | |
| Title | Fundamentals of fixed prosthodontics / |
| Statement of responsibility, etc. | by Herbert T. Shillingburg, David A. Sather, Edwin L. Wilson |
| 250 ## - EDITION STATEMENT | |
| Edition statement | 4th ed. |
| 260 ## - PUBLICATION, DISTRIBUTION, ETC. | |
| Place of Publication | USA : |
| Name of publisher, distributor, etc. | Quintessence Publishing Co ; |
| Date of publication, distribution, etc. | 2012 . |
| 300 ## - PHYSICAL DESCRIPTION | |
| Pages | x, 574 p. : |
| 500 ## - GENERAL NOTE | |
| General note | Include Index. |
| 650 ## - SUBJECT ADDED ENTRY--TOPICAL TERM | |
| Subject / Department | Medical / Dentistry |
| 700 ## - ADDED ENTRY--PERSONAL NAME | |
| Personal name | Sather, David A. |
| 700 ## - ADDED ENTRY--PERSONAL NAME | |
| Personal name | Wilson, Edwin L. |
| 300 ## - PHYSICAL DESCRIPTION | |
| -- | ill. ; |
| -- | 28 cm . |
| 952 ## - LOCATION AND ITEM INFORMATION (KOHA) | |
| -- | 0 |
| -- | 0 |
| 952 ## - LOCATION AND ITEM INFORMATION (KOHA) | |
| -- | 0 |
| -- | 0 |
| Lost status | Damaged status | Collection code | Permanent Location | Current Location | Shelving Location | Date acquired | Full Call Number | Accession No./Barcode | Date last seen | Copy number | item type | Koha item type |
|---|---|---|---|---|---|---|---|---|---|---|---|---|
| Medical | Superior Information Resource Center (SIRC) Superior University- Main Campus | Superior Information Resource Center (SIRC) Superior University- Main Campus | Dentistry | 11/06/2024 | 617.69 SHI-F 2012 | 29738 | 11/06/2024 | 1 | BOOK | BOOK | ||
| Medical | Superior Information Resource Center (SIRC) Superior University- Main Campus | Superior Information Resource Center (SIRC) Superior University- Main Campus | Dentistry | 11/06/2024 | 617.69 SHI-F 2012 | 29739 | 11/06/2024 | 2 | BOOK | BOOK |
